The 100, characters - Statistics

General Stats
  • This quiz has been taken 907 times
  • The average score is 13 of 25
Answer Stats
Hint Answer % Correct
Blake Bellamy
99%
Griffin Clarke
97%
Blake Octavia
97%
Griffin Abigail
91%
Reyes Raven
89%
Mbege John
84%
Murphy John
84%
Jordan Jasper
82%
Green Monty
82%
Jaha Wells
81%
Kane Marcus
76%
Collins Finn
68%
Griffin Jake
56%
Jaha Thelonious
43%
Miller Nathan
42%
Wallace Cage
36%
Wallace Dante
31%
Miller David
15%
Diana Sydney
15%
Kane Vera
14%
Cartwig Callie
11%
Lemkin Reese
5%
Lemkin Tor
5%
Dickson Glen
4%
Mykulak Keenan
3%
No matching quizzes found
Score Distribution
Percent of People with Each Score
Percentile by Number Answered
Your Score History
You have not taken this quiz